000 00373nam a2200145 a 4500
001 000026349
005 20200930024522.0
008 110314s1982 dr 000 0 spa d
040 _aDO-SdBNP
_bspa
_cBNPHU
082 _axxx
_bC357o
245 0 0 _aCatálogo de obras dominicanas.
260 _aSanto Domingo :
_bTaller,
_c1982.
300 _a100 p. ;
_c20 cm.
049 _aBNPD
999 _c25841
_d25841